[Event "Halden Autumn"]
[Site "Halden"]
[Date "2011.??.??"]
[Round "7"]
[White "Aasum, Anker"]
[Black "Springinsfeld, German Ortiz"]
[Result "1/2-1/2"]
[WhiteElo "1532"]
[BlackElo "1542"]
[PlyCount "120"]
[EventDate "2011.08.30"]
[EventType "swiss"]
[EventRounds "9"]
[EventCountry "NOR"]
[SourceTitle "EXT 2024"]
[Source "ChessBase"]
[SourceDate "2023.10.10"]
[SourceVersion "1"]
[SourceVersionDate "2023.10.10"]
[SourceQuality "1"]

1. Nc3 d5 2. e4 d4 3. Nce2 c5 4. Ng3 e5 5. Bc4 Nf6 6. Nf3 Nc6 7. Ng5 Bg4 8. Bxf7+ Kd7 9. f3 h6 10. fxg4 hxg5 11. Qf3 Kc7 12. d3 Nb4 13. Bb3 Be7 14. Nf5 Ne8 15. Nxe7 Qxe7 16. Qf5 Rf8 17. Qxg5 Kd6 18. Qxe7+ Kxe7 19. Bg5+ Kd6 20. a3 Nc6 21. Ke2 Nc7 22. Raf1 Ne6 23. Rxf8 Rxf8 24. Bd2 Nf4+ 25. Bxf4 Rxf4 26. h3 Ne7 27. g3 Rf8 28. Rf1 Rxf1 29. Kxf1 g5 30. Bf7 Nc8 31. h4 Ke7 32. Bd5 Nd6 33. hxg5 Kf8 34. Kg2 Kg7 35. Kh3 Kg6 36. Kh4 b5 37. c3 dxc3 38. bxc3 a5 39. Be6 b4 40. cxb4 cxb4 41. a4 Nb7 42. Bf5+ Kg7 43. Be6 Nc5 44. Bc4 Nxa4 45. d4 Nb6 46. Bd3 b3 47. dxe5 b2 48. e6 a4 49. e5 a3 50. Bb1 Nc4 51. g6 Kf8 52. Kg5 Nxe5 53. Kf5 Nc6 54. Kf6 Nb4 55. g7+ Kg8 56. e7 Nd5+ 57. Ke6 Nxe7 58. Kxe7 Kxg7 59. g5 a2 60. Bxa2 Kg6 1/2-1/2

[Event "Halden Autumn"]
[Site "Halden"]
[Date "2011.??.??"]
[Round "2"]
[White "Knudsen, Ragnar"]
[Black "Springinsfeld, German Ortiz"]
[Result "1/2-1/2"]
[WhiteElo "1814"]
[BlackElo "1542"]
[PlyCount "36"]
[EventDate "2011.08.30"]
[EventType "swiss"]
[EventRounds "9"]
[EventCountry "NOR"]
[SourceTitle "EXT 2024"]
[Source "ChessBase"]
[SourceDate "2023.10.10"]
[SourceVersion "1"]
[SourceVersionDate "2023.10.10"]
[SourceQuality "1"]

1. d4 Nf6 2. c4 d6 3. Nf3 g6 4. Nc3 Bg7 5. g3 0-0 6. Bg2 Nbd7 7. 0-0 c5 8. d5 Nb6 9. Qd3 Nfd7 10. Bf4 Nf6 11. Rad1 Nh5 12. Bc1 Nf6 13. b3 Nbd7 14. h3 Ne8 15. Bf4 Qa5 16. Bd2 Qd8 17. Qc2 Qa5 18. Ne1 Qd8 1/2-1/2

[Event "Halden Autumn"]
[Site "Halden"]
[Date "2011.??.??"]
[Round "6"]
[White "Springinsfeld, German Ortiz"]
[Black "Eikre, Jens Hofgaard"]
[Result "1/2-1/2"]
[WhiteElo "1542"]
[BlackElo "1184"]
[PlyCount "118"]
[EventDate "2011.08.30"]
[EventType "swiss"]
[EventRounds "9"]
[EventCountry "NOR"]
[SourceTitle "EXT 2024"]
[Source "ChessBase"]
[SourceDate "2023.10.10"]
[SourceVersion "1"]
[SourceVersionDate "2023.10.10"]
[SourceQuality "1"]

1. e4 d5 2. exd5 Nf6 3. c4 c6 4. dxc6 Nxc6 5. Nf3 Bf5 6. d4 Qc7 7. a3 Rd8 8. Be2 e5 9. d5 e4 10. Nh4 Ne7 11. Nxf5 Nxf5 12. 0-0 Bd6 13. h3 0-0 14. Nc3 a6 15. b4 Be5 16. Bb2 Nd6 17. Qb3 Rc8 18. c5 Nf5 19. d6 Nd4 20. Qd1 Qd7 21. Na4 Nxe2+ 22. Kh1 Bxb2 23. Nb6 Nc3 24. Nxd7 Nxd1 25. Nxf6+ gxf6 26. Raxd1 Bxa3 27. Rd4 f5 28. g4 fxg4 29. hxg4 Rcd8 30. Rxe4 Rfe8 31. Rd4 a5 32. bxa5 Bxc5 33. Rd5 Bxd6 34. Rb1 Re7 35. Kg2 Red7 36. Rbd1 Kg7 37. f4 Kf6 38. Kf3 Ke6 39. f5+ Ke7 40. g5 Bc7 41. Re1+ Kf8 42. Rb5 Rd3+ 43. Re3 Rxe3+ 44. Kxe3 Re8+ 45. Kf3 Kg7 46. Rc5 Bd8 47. Kf4 Be7 48. f6+ Bxf6 49. gxf6+ Kxf6 50. Rh5 Kg6 51. Rg5+ Kf6 52. Rh5 Rh8 53. Rh6+ Kg7 54. Rb6 Rb8 55. a6 h6 56. Rxb7 Ra8 57. a7 Kf6 58. Rb6+ Ke7 59. Kg4 Rxa7 1/2-1/2